000
00310nam a22001337a 4500
008
171013b xxu||||| |||| 00| 0 eng d
020
_a
9781578790593
041
_a
eng
080
_2
5TH
_a
316
100
_a
51
101
_a
SOC
245
_a
RESEARCH METHODS FOR SOCIAL WORKERS
_c
WILLIAMS,M
942
_2
udc
_c
BK
999
_c
33756
_d
33756